| 000 | 01170cam a2200241 4500 | ||
|---|---|---|---|
| 001 | ABS63892 | ||
| 008 | 000000n2001 000 0 eng u | ||
| 035 | _a(Sirsi) u112103 | ||
| 100 | _aWaters, B. | ||
| 245 | _aConcentrating on development | ||
| 260 | _c2001 | ||
| 490 |
_aArchitects' Journal _v213(12) 29 March 2001, 44(1) |
||
| 520 | _aDiscusses the possible benefits of Transport Development Areas (TDA) advocated in an RICS report, "Transport Development Areas: a study into achieving higher density development around public transport nodes". These could direct development to the most accessible locations, linking sustainable land use with better public transport. Argues for a more formal mechanism to bring about implementation of the TDA and create cooperation between the relevant authorities such as developers and transport operators. | ||
| 590 | _aABS | ||
| 650 | _aRICS REPORT | ||
| 650 | _aURBAN TASK FORCE | ||
| 650 | _aDETR | ||
| 650 | _aTRANSPORT DEVELOPMENT AREAS | ||
| 650 | _aPLANNING POLICY GUIDANCE NOTE 13 | ||
| 650 | _aLOCAL AUTHORITIES | ||
| 690 | _aENVIRONMENTAL AND LAND CONSULTANCY-PLANNING AND DEVELOPMENT | ||
| 942 | _n0 | ||
| 999 |
_c66763 _d66763 |
||